LEADER 01399nam--2200421---450- 001 990000493240203316 005 20050614125951.0 010 $a88-7042-333-6 035 $a0049324 035 $aUSA010049324 035 $a(ALEPH)000049324USA01 035 $a0049324 100 $a20010605h----1984km-y0itay0103----ba 101 $aita 102 $aIT 105 $a||||||||001yy 200 1 $aPer una teoria del soggetto$emarxismo e psicoanalisi$edibattiti fra marxisti mittleuropei sul fattore soggettivo e sulla psicoanalisi, 1900-1933$fMarcella D'Abbiero 210 $aNapoli$cGuida$h1984 215 $a222 p.$d23 cm 225 2 $aEsperienze$v113 410 $12001$aEsperienze$v113 606 0 $aSoggetto $xConcezione marxista 606 0 $aPsicoanalisi e marxismo$z1900-1930 676 $a111. 700 1$aD'ABBIERO,$bMarcella$0159480 801 0$aIT$bsalbc$gISBD 912 $a990000493240203316 951 $aII.3. 468(IV E COLL. 4/113)$b136361 LM$cIV E COLL. 951 $aII.3. 468a(IV E COLL. 4/113 BIS)$b136491 LM$cIV E COLL. 959 $aBK 969 $aUMA 979 $aPATTY$b90$c20010605$lUSA01$h1113 979 $aPATTY$b90$c20010605$lUSA01$h1134 979 $c20020403$lUSA01$h1658 979 $aPATRY$b90$c20040406$lUSA01$h1634 979 $aCOPAT3$b90$c20050614$lUSA01$h1259 996 $aPer una teoria del soggetto$9490869 997 $aUNISA LEADER 01056nam--2200385---450 001 990003231550203316 005 20211129110221.0 010 $a978-88-6190-055-4 035 $a000323155 035 $aUSA01000323155 035 $a(ALEPH)000323155USA01 035 $a000323155 100 $a20090429d2008----km-y0itay50------ba 101 $aita 102 $aIT 105 $a||||||||001yy 200 1 $aDoveva morire$fFerdinando Imposimato, Sandro Provvisionato 205 $a2. ed 210 $aMilano$cChiarelettere$d2008 215 $a344, [44] p.$d21 cm 225 2 $aPrincipio attivo 410 0$12001$aPrincipio attivo 454 1$12001 461 1$1001-------$12001 600 1$aMoro,$bAldo$xSequestro$2BNCF 676 $a322.42092 700 1$aIMPOSIMATO,$bFerdinando$0313399 701 1$aPROVVISIONATO,$bSandro$0251403 801 0$aIT$bsalbc$gISBD 912 $a990003231550203316 951 $aX.3.B. 5110$b209326 L.M.$cX.3.$d00189442 959 $aBK 969 $aUMA 996 $aDoveva morire$91013266 997 $aUNISA